| 000 | 00497nam a2200169Ia 4500 | ||
|---|---|---|---|
| 999 |
_c30865 _d30865 |
||
| 003 | OSt | ||
| 005 | 20211110110914.0 | ||
| 008 | 190216s9999||||xx |||||||||||||| ||und|| | ||
| 040 | _coclc | ||
| 082 |
_a515.7 _bLIM/F |
||
| 100 |
_aLimaye, Balmohan Vishnu _98893 |
||
| 245 | 0 |
_aFunctional Analysis / _cBalmohan Vishnu Limaye |
|
| 260 |
_bWiley Eastern Limited, _c1985. _aNew Delhi: |
||
| 300 | _a376p | ||
| 650 | _aMathematics | ||
| 942 |
_cBK _2ddc _h515.7 _iLIM/F _k515.7 _mLIM/F |
||